| Tag |
First Indicator |
Second Indicator |
Subfields |
| LEADER |
00000cam a2200000Ii 4500 |
| 001 |
in00004350082 |
| 008 |
191214s2020 wlk b 001 0 eng d |
| 005 |
20250318212317.9 |
| 020 |
|
|
|a 9781786836106
|
| 020 |
|
|
|a 1786836106
|q hardcover
|
| 035 |
|
|
|a (OCoLC)on1130641506
|
| 035 |
|
|
|a (OCoLC)1130641506
|
| 040 |
|
|
|a YDX
|b eng
|e rda
|c YDX
|d BDX
|d OCLCQ
|d UKMGB
|d OCLCO
|d OCLCF
|d YDXIT
|
| 050 |
|
4 |
|a PR408.G68
|b W66 2020
|
| 082 |
0 |
4 |
|a 820.911
|2 23
|
| 245 |
0 |
0 |
|a Women's authorship and the early Gothic :
|b legacies and innovations /
|c edited by Kathleen Hudson.
|
| 264 |
|
1 |
|a Cardiff :
|b University of Wales Press,
|c 2020.
|
| 300 |
|
|
|a xii, 276 pages ;
|c 22 cm.
|
| 336 |
|
|
|a text
|b txt
|2 rdacontent
|
| 337 |
|
|
|a unmediated
|b n
|2 rdamedia
|
| 338 |
|
|
|a volume
|2 rdacarrier
|b nc
|
| 490 |
1 |
|
|a Gothic literary studies
|
| 504 |
|
|
|a Includes bibliographical references and index.
|
| 650 |
|
0 |
|a Gothic fiction (Literary genre), English
|x Women authors
|x History and criticism.
|
| 650 |
|
0 |
|a Gothic fiction (Literary genre)
|x History and criticism.
|
| 650 |
|
0 |
|a Fiction
|y 18th century
|x History and criticism.
|
| 650 |
|
0 |
|a Fiction
|y 19th century
|x History and criticism.
|
| 650 |
|
7 |
|a Fiction.
|2 fast
|0 (OCoLC)fst00923709
|
| 650 |
|
7 |
|a Gothic fiction (Literary genre)
|2 fast
|0 (OCoLC)fst01745235
|
| 648 |
|
7 |
|a 1700-1899
|2 fast
|
| 655 |
|
7 |
|a Criticism, interpretation, etc.
|2 fast
|0 (OCoLC)fst01411635
|
| 700 |
1 |
|
|a Hudson Kathleen,
|e editor.
|
| 830 |
|
0 |
|a Gothic literary studies.
|
| 852 |
8 |
|
|b pda,print
|z This title is available for the library to purchase for your use. Click the "Purchase It For Me" button to place a request. This item may take 5-10 business days to arrive.
|
| 955 |
|
|
|a Print PDA title
|
| 961 |
|
|
|m 565730
|
| 999 |
f |
f |
|s 590943f3-5611-44bb-a8c6-e25034e7070f
|i 01a61c77-718d-37c1-9c8c-61db0a4e5b85
|t 0
|
| 952 |
f |
f |
|a Texas A&M University
|b College Station
|c Sterling C. Evans Library
|d Purchase on Demand
|t 0
|e PR408.G68 W66 2020
|h Library of Congress classification
|
| 998 |
f |
f |
|a PR408.G68 W66 2020
|t 0
|l Purchase on Demand
|